| 000 | 01715nam a2200241Ia 4500 | ||
|---|---|---|---|
| 008 | 260220t1968||||xx |||||||||||||| ||spa|| | ||
| 040 |
_aPY-SlUNAC _bspa _erda |
||
| 041 | _aspa | ||
| 082 |
_a128 _bAd59c |
||
| 100 |
_aAdler, Alfredo _eAutor |
||
| 245 | 0 |
_aConocimiento del hombre / _cpor Alfredicióno Adler [Autor] |
|
| 264 |
_aMadrid : _bEspasa-Calpe, _c℗1968. |
||
| 300 | _a1 volumen | ||
| 520 | _aEn "Conocimiento del hombre", Alfred Adler expone su enfoque psicológico centrado en la importancia del individuo en el contexto social y cultural. A través de su teoría de la psicología individual, Adler propone que la búsqueda de la superioridad y el sentido de pertenencia son motores fundamentales del comportamiento humano. El autor destaca la influencia de las relaciones familiares en el desarrollo de la personalidad, así como el impacto de las experiencias de la niñez en la vida adulta. Adler también aborda conceptos como el complejo de inferioridad y el rol del individuo en la comunidad, enfatizando la necesidad de cooperación y el desarrollo social. Su obra se distancia del psicoanálisis clásico al enfocarse en el futuro y las metas personales, en lugar de centrarse únicamente en el pasado. En este sentido, "Conocimiento del hombre" ofrece una perspectiva integral que busca entender las motivaciones humanas desde una óptica holística, resaltando la importancia del contexto social en la formación del individuo. | ||
| 653 | _aConocimiento | ||
| 653 | _aDesarrollo humano | ||
| 653 | _aPsicología | ||
| 942 |
_b2026/02/17 _cBK |
||
| 999 |
_c6726 _d6726 |
||